000 00218nam a2200109Ia 4500
100 _a#N/A
942 _cBK
245 _aPOWER BUILDER 5: A DEVELOPER'S GUIDE
260 _bBPB Publ.
082 _bMCC
546 _aENGLISH
999 _c31145
_d31145